|
|
|
|
| LEADER |
00000naa0a2200000 4500 |
| 001 |
642775 |
| 005 |
20251024094413.0 |
| 035 |
|
|
|a (RuTPU)RU\TPU\network\7735
|
| 035 |
|
|
|a RU\TPU\network\7724
|
| 090 |
|
|
|a 642775
|
| 100 |
|
|
|a 20150714d2014 k||y0engy50 ba
|
| 101 |
0 |
|
|a eng
|
| 102 |
|
|
|a US
|
| 135 |
|
|
|a drcn ---uucaa
|
| 181 |
|
0 |
|a i
|
| 182 |
|
0 |
|a b
|
| 200 |
1 |
|
|a Uranium and Thorium in Living Systems and Environment
|f N. V. Baranovskaya, L. P. Rikhvanov, B. R. Soktoev
|
| 203 |
|
|
|a Text
|c electronic
|
| 300 |
|
|
|a Заглавие с экрана
|
| 463 |
|
|
|t 2013 International Conference on Frontiers of Environment, Energy and Bioscience (ICFEEB 2013)
|o рroceedings, Beijing, China, October 24-25, 2013
|v [Р. 619-626]
|d 2014
|
| 610 |
1 |
|
|a электронный ресурс
|
| 610 |
1 |
|
|a труды учёных ТПУ
|
| 610 |
1 |
|
|a uranium
|
| 610 |
1 |
|
|a thorium
|
| 700 |
|
1 |
|a Baranovskaya
|b N. V.
|c geochemist
|c Professor of Tomsk Polytechnic University, Doctor of biological sciences
|f 1970-
|g Nataliya Vladimirovna
|3 (RuTPU)RU\TPU\pers\31010
|9 15240
|
| 701 |
|
1 |
|a Rikhvanov
|b L. P.
|c Professor of Tomsk Polytechnic University
|c Doctor of geological- mineralogical sciences
|c Honored geologist of Russia
|c Honored Worker of higher professional education of the Russian Federation
|f 1945-
|g Leonid Petrovich
|3 (RuTPU)RU\TPU\pers\25922
|
| 701 |
|
1 |
|a Soktoev
|b B. R.
|c Geochemist
|c Associate Professor of the Department of Tomsk Polytechnic University, Candidate of Geological and Mineralogical Sciences
|f 1990-
|g Bulat Rinchinovich
|y Tomsk
|3 (RuTPU)RU\TPU\pers\34950
|9 18268
|
| 712 |
0 |
2 |
|a Национальный исследовательский Томский политехнический университет (ТПУ)
|b Институт природных ресурсов (ИПР)
|b Кафедра геоэкологии и геохимии (ГЭГХ)
|3 (RuTPU)RU\TPU\col\18658
|
| 801 |
|
2 |
|a RU
|b 63413507
|c 20180401
|g RCR
|
| 850 |
|
|
|a 63413507
|
| 856 |
4 |
|
|u http://wx.xast.cn/KCMS/detail/detail.aspx?filename=XYSW201310001100&dbcode=IPFD&dbname=IPFD2014
|
| 942 |
|
|
|c CF
|